Jelképek testvérisége Bognár Ignáctól Palló Imréig
Elmentve itt :
| Szerző: | |
|---|---|
| Adatforrás: | Meister |
| Forrásdokumentuma: | Művelődés. - 1 sz., 1994, 18-19 p. |
| Nyelv: | magyar |
| Kulcsszavak: | intézménytörténet művelődéstörténet oktatási intézmények iskolák PALLÓ Imre BOGNÁR Ignác Bognár Ignác Zeneiskola (Csepreg) |
| LEADER | 00572nab a2200193 i 4500 | ||
|---|---|---|---|
| 001 | bibPRO00000260 | ||
| 008 | 060524s1994 xx hun | ||
| 040 | |a Sz1 | ||
| 041 | |a hun | ||
| 100 | 1 | |a ANGI István | |
| 245 | 1 | 0 | |a Jelképek testvérisége Bognár Ignáctól Palló Imréig |c ANGI István |
| 695 | |a intézménytörténet | ||
| 695 | |a művelődéstörténet | ||
| 695 | |a oktatási intézmények | ||
| 695 | |a iskolák | ||
| 695 | |a PALLÓ Imre | ||
| 695 | |a BOGNÁR Ignác | ||
| 695 | |a Bognár Ignác Zeneiskola (Csepreg) | ||
| 773 | 0 | |t Művelődés. - |g 1 sz., 1994, 18-19 p. | |